Obras Completas.
Sparad:
| Huvudupphovsman: | |
|---|---|
| Övriga upphovsmän: | , |
| Materialtyp: | Okänd |
| Språk: | engelska |
| Publicerad: |
Burgos, España:
Monte Carmelo; FONTE,
2017.
|
| Upplaga: | 3a. edición. |
| Serie: | Maestros espirituales carmelitas,
|
| Ämnen: | |
| Taggar: |
Lägg till en tagg
Inga taggar, Lägg till första taggen!
|
MARC
| LEADER | 00000 a2200000 4500 | ||
|---|---|---|---|
| 003 | CL-VaPUC | ||
| 005 | 20231123122957.0 | ||
| 008 | 231121t2017 ||||| |||| 00| 0 eng d | ||
| 999 | |c 442441 |d 442439 | ||
| 020 | |a 978-84-8353-862-3 | ||
| 040 | |c Pontificia Universidad Católica de Valparaíso | ||
| 082 | |2 22 |a 868 TER 2017 | ||
| 100 | |a Teresa de Los Andes, |9 345630 |c Santa |e autora | ||
| 245 | |a Obras Completas. | ||
| 250 | |a 3a. edición. | ||
| 260 | |a Burgos, España: |b Monte Carmelo; |b FONTE, |c 2017. | ||
| 300 | |a 667 páginas. | ||
| 490 | |a Maestros espirituales carmelitas, |n 8. | ||
| 583 | |k GC |c 20231121 | ||
| 600 | 0 | |9 345630 |a Teresa de Los Andes, |c Santa |v Diarios espirituales y cartas |v Vida religiosa | |
| 700 | |9 886085 |a Purroy, Marino |e edición | ||
| 700 | |9 886086 |a Pacho, Alberto |e edición | ||
| 942 | |2 ddc |c BK | ||
| 952 | |0 0 |1 0 |2 ddc |4 0 |6 868_000000000000000_TER_2017 |7 0 |8 A |9 592427 |a BIBTEO |b BIBTEO |c GEN |d 2023-11-10 |e 8 |g 33600.00 |i 5659387 |o 868 TER 2017 |p 5659387 |r 2025-01-17 |t 1 |v 33600.00 |w 2023-11-10 |y BK |k ICR | ||